Alle in Deutschland geborenen NHL Spieler? - Statistiken

Allgemein
  • Dieses Quiz wurde 54 mal gespielt
  • Das Durchschnittsergebnis liegt bei 11 aus 34
Antwortstatistiken
Antwort % Korrekt
Leon Draisaitl
98%
Tim Stützle
77%
Moritz Seider
75%
Lukas Reichel
73%
Philipp Grubauer
73%
JJ Peterka
70%
Marco Sturm
70%
Nico Sturm
70%
Dennis Seidenberg
52%
Uwe Krupp
48%
Tom Kühnhackl
41%
Marcel Goc
34%
Sascha Goc
34%
Christian Ehrhoff
32%
Thomas Greiss
30%
David Wolf
27%
Jochen Hecht
27%
Tobias Rieder
23%
Marcel Müller
20%
Korbinian Holzer
14%
Lean Bergmann
14%
Dany Heatley
11%
Rick Goldmann
11%
Stefan Ustorf
11%
Alexander Sulzer
9%
Christoph Schubert
9%
Marc Michaelis
9%
Niklas Treutle
7%
Udo Kießling
7%
Nico Daws
5%
Nikita Alexandrov
5%
Timo Pielmeier
5%
Uli Hiemer
5%
Daniel O’Regan
2%
Keine übereinstimmenden Quizze gefunden
Verteilung der Resultate
Anzahl Personen mit jedem Resultat
Perzentil nach korrekt beantworteten Fragen
Ihre Resultats-Entwicklung
Sie haben dieses Quiz noch nicht gespielt